| 000 | 00659cam a22002411 4500 | ||
|---|---|---|---|
| 001 | sa 64004594 | ||
| 003 | DLC | ||
| 005 | 20260227112026.0 | ||
| 008 | 810610s1963 ii a 000 0 hinr | ||
| 010 | _asa 64004594 | ||
| 025 | _aPL480:I-H-1228 | ||
| 035 | _a(OCoLC)7492581 | ||
| 040 |
_aDLC _cWaU _dDLC |
||
| 042 | _apremarc | ||
| 043 | _aa-ii--- | ||
| 050 | 0 | 0 |
_aSK235 _b.S54 |
| 100 | 1 | _aSiddhantalankar, Shrinidhi. | |
| 245 | 1 | 0 |
_aMacāna para unan̄cāsa dina. _c[Lekhaka] Śrīnidhi Siddhāntālaṅkāra. |
| 260 |
_aDillī. _bĀrthmārāma, _c1963. |
||
| 300 |
_a20, 196 p. _billus. _c23 cm. |
||
| 500 | _aIn Hindi. | ||
| 650 | 0 |
_aHunting _zIndia. |
|
| 999 |
_c58621 _d58621 |
||